书目信息 |
| 题名: |
2008年全国硕士研究生入学统一考试英语考试大纲
|
|
| 作者: | ;教育部 编 | |
| 分册: | ||
| 出版信息: | 北京 高等教育出版社 2007.07 |
|
| 页数: | 231页 | |
| 开本: | 21cm | |
| 丛书名: | 2008年全国硕士研究生入学统一考试系列用书 | |
| 单 册: | ||
| 中图分类: | H319.2 | |
| 科图分类: | ||
| 主题词: | 英语--ying yu--研究生--入学考试--考试大纲 | |
| 电子资源: | ||
| ISBN: | 978-7-04-021293-8 | |
| 000 | 01369nam 2200277 450 | |
| 001 | 012008452156 | |
| 005 | 20080414095144.60 | |
| 010 | @a978-7-04-021293-8@dCNY20.00 | |
| 100 | @a20080413d2007 em y0chiy0120 ea | |
| 101 | 0 | @achi@aeng |
| 102 | @aCN@b110000 | |
| 105 | @ay z 000yy | |
| 106 | @ar | |
| 200 | 1 | @a2008年全国硕士研究生入学统一考试英语考试大纲@A2008 nian quan guo shuo shi yan jiu sheng ru xue tong yi kao shi ying yu kao shi da gang@e非英语专业@f教育部考试中心@Fjiao yu bu kao shi zhong xin |
| 210 | @a北京@c高等教育出版社@d2007.07 | |
| 215 | @a231页@d21cm | |
| 225 | 2 | @a2008年全国硕士研究生入学统一考试系列用书@A2008 nian quan guo shuo shi yan jiu sheng ru xue tong yi kao shi xi lie yong shu |
| 330 | @a本书简要介绍2008年全国硕士研究生入学统一考试英语考试的考试说明、参考试题、参考答案和评分参考,并收录了英语考试大纲所需的词汇表,同时提供了2005~2007年全国硕士研究生入学考试英语试题及参考答案。 | |
| 410 | 0 | @12001 @a2008年全国硕士研究生入学统一考试系列用书 |
| 517 | 1 | @a全国硕士研究生入学统一考试英语考试大纲@Aquan guo shuo shi yan jiu sheng ru xue tong yi kao shi ying yu kao shi da gang |
| 517 | 1 | @a非英语专业@Afei ying yu zhuan ye |
| 606 | 0 | @a英语@Aying yu@x研究生@x入学考试@j考试大纲 |
| 690 | @aH319.2@v4 | |
| 711 | 02 | @a教育部@Ajiao yu bu@b考试中心@4编 |
| 801 | 0 | @aCN@bQSSK@c20080414 |
| 905 | @b292271-85@dH319.2@eJ688@f15 | |
| 2008年全国硕士研究生入学统一考试英语考试大纲:非英语专业/教育部考试中心.-北京:高等教育出版社,2007.07 |
| 231页;21cm.-(2008年全国硕士研究生入学统一考试系列用书) |
| ISBN 978-7-04-021293-8:CNY20.00 |
| 本书简要介绍2008年全国硕士研究生入学统一考试英语考试的考试说明、参考试题、参考答案和评分参考,并收录了英语考试大纲所需的词汇表,同时提供了2005~2007年全国硕士研究生入学考试英语试题及参考答案。 |
| ● |
| 相关链接 |
|
|
|
正题名:2008年全国硕士研究生入学统一考试英语考试
索取号:H319.2/J688
 
预约/预借
| 序号 | 登录号 | 条形码 | 馆藏地/架位号 | 状态 | 备注 |
| 1 | 292271 | 202922711 | 语言库209/ [索取号:H319.2/J688] | 在馆 | |
| 2 | 292272 | 202922720 | 社科二线400B/400B社科库 12排3列1层/ [索取号:H319.2/J688] | 在馆 | |
| 3 | 292273 | 202922739 | 语言库209/209语言库 42排2列6层/ [索取号:H319.2/J688] | 在馆 | |
| 4 | 292274 | 202922748 | 语言库209/209语言库 42排2列6层/ [索取号:H319.2/J688] | 在馆 | |
| 5 | 292275 | 202922757 | 社科二线400B/400B社科库 12排2列1层/ [索取号:H319.2/J688] | 在馆 | |
| 6 | 292276 | 202922766 | 社科二线400B/400B社科库 8排2列3层/ [索取号:H319.2/J688] | 在馆 | |
| 7 | 292277 | 202922775 | 社科二线400B/400B社科库 12排2列1层/ [索取号:H319.2/J688] | 在馆 | |
| 8 | 292278 | 202922784 | 社科二线400B/400B社科库 12排1列2层/ [索取号:H319.2/J688] | 在馆 | |
| 9 | 292279 | 202922793 | 社科二线400B/400B社科库 13排1列1层/ [索取号:H319.2/J688] | 在馆 | |
| 10 | 292280 | 202922800 | 社科二线400B/400B社科库 10排1列3层/ [索取号:H319.2/J688] | 在馆 | |
| 11 | 292281 | 202922819 | 社科二线400B/400B社科库 12排1列2层/ [索取号:H319.2/J688] | 在馆 | |
| 12 | 292282 | 202922828 | 语言库209/209语言库 42排2列6层/ [索取号:H319.2/J688] | 在馆 | |
| 13 | 292283 | 202922837 | 社科二线400B/400B社科库 12排2列1层/ [索取号:H319.2/J688] | 在馆 | |
| 14 | 292284 | 202922846 | 社科二线400B/400B社科库 12排1列2层/ [索取号:H319.2/J688] | 在馆 | |
| 15 | 292285 | 202922855 | 语言库209/209语言库 42排2列6层/ [索取号:H319.2/J688] | 在馆 |